|
|
|
|
| LEADER |
00000nac a2200000 a 4500 |
| 003 |
Ucuenca |
| 005 |
20230712062630.0 |
| 008 |
016031|1985 ||||||||r|||||||||||spa|| |
| 020 |
|
|
|a 8437600510
|
| 040 |
|
|
|b spa
|
| 041 |
1 |
|
|a spa
|
| 082 |
0 |
|
|a 415
|
| 100 |
1 |
|
|a Nique, Christian
|9 26137
|
| 245 |
|
|
|a Introducción metódica a la gramática generativa
|c Christian Nique. Traducción Pilar Calvo y Francisco Abad
|h imp
|
| 250 |
|
|
|a 6a ed.
|
| 264 |
|
|
|a Madrid
|b Cátedra
|c 1985
|
| 300 |
|
|
|a 222 páginas:
|c 21 cm
|
| 490 |
|
|
|a Lingüística
|
| 504 |
|
|
|a incl. ref.
|
| 650 |
|
|
|a Lenguaje
|9 144
|
| 650 |
|
4 |
|a Semántica
|9 1148
|
| 653 |
|
|
|a LINGÜISTICA
|
| 650 |
|
0 |
|a Gramática
|9 7307
|
| 852 |
|
|
|a UC-CDJBV
|f Donación
|l 1
|m General
|p 20160310
|q 3.00
|r 2
|t si11661
|y 117450
|b 0
|d CDRC
|e CDRC
|g 415 SEGUNDO PISO
|z 2016-60-31
|
| 856 |
|
|
|a http://sibuc.ucuenca.edu.ec/portada/si11661-cdj.jpg
|
| 942 |
|
|
|c CR
|
| 999 |
|
|
|c 73912
|d 73912
|